000 00485nam a22001817a 4500
003 PILC
005 20160524083511.0
008 160524b xxu||||| |||| 00| 0 eng d
020 _a9789814570497
050 _aRA 651
_b.G661 2014
100 _aGordis, Leon.
245 _aEpidemiology /
_cLeon Gordis.
250 _a5th edition.
260 _aSingapore :
_bElsevier,
_c2014.
300 _axv, 392 pages :
_billustrations ;
_c26 cm.
500 _aIncludes index.
942 _2lcc
_cBK
999 _c294927
_d294927